Catholic University of Zimbabwe Library
Online Public Access Catalogue
(OPAC)

Towards a socialist ethos (Record no. 9619)

MARC details
000 -LEADER
fixed length control field 00420 a2200133 4500
020 ## - INTERNATIONAL STANDARD BOOK NUMBER
International Standard Book Number 0869258249 (pbk.)
005 - DATE AND TIME OF LATEST TRANSACTION
control field 20191017172952.0
084 ## - OTHER CLASSIFICATION NUMBER
Classification number HX451.A6 B36 1987
245 ## - TITLE STATEMENT
Title Towards a socialist ethos
Remainder of title : socialism without socialists is capitalism
Medium print
260 ## - PUBLICATION, DISTRIBUTION, ETC.
Place of publication, distribution, etc. rh
Name of publisher, distributor, etc. College Press
Date of publication, distribution, etc. 1987
300 ## - PHYSICAL DESCRIPTION
Extent xi, 60 p. : ill.
Other physical details 22 cm.
Dimensions xi, 60 p. : ill. ; 22 cm.
500 ## - GENERAL NOTE
General note C.S. Banana.
650 ## - SUBJECT ADDED ENTRY--TOPICAL TERM
Topical term or geographic name entry element literature
700 ## - ADDED ENTRY--PERSONAL NAME
Personal name Banana, Canaan.

No items available.

OPENING HOURS

Weekdays: 0815hrs - 1800hrs
Weekends:0900hrs - 1200hrs

Closed for Mass:

Mon, Thur: 1200hrs - 1300hrs
Sunday & Public Holiday’s

CALL SUPPORT

0242-570570, 0242-570169
09200664, +263 8644140602

LOCATION

18443, Cranborne Avenue, Hatfield, Harare

Other Links


©2021 | CUZ Library